Songs from Movies - Statistics

General Stats
  • This quiz has been taken 1,293 times
  • The average score is 9 of 25
Answer Stats
Hint Answer % Correct
Celine Dion, 'My Heart Will Go On' Titanic
93%
Jennifer Warnes & Bill Medley, 'The Time of My Life' Dirty Dancing
80%
Eminem, 'Lose Yourself' 8 Mile
76%
Berlin, 'Take My Breath Away' Top Gun
66%
Simon & Garfunkel, 'Mrs. Robinson' The Graduate
64%
Simple Minds, 'Don't You Forget About Me' The Breakfast Club
60%
The Bee Gees, 'You Should Be Dancin'' Saturday Night Fever
59%
The Righteous Brothers, 'Unchained Melody' Ghost
58%
Queen, "Bohemian Rhapsody" Wayne's World
54%
The Beatles, 'Twist and Shout' Ferris Bueller's Day Off
34%
Harry Belafonte, 'The Banana Boat Song (Day-O)' BeetleJuice
32%
Urge Overkill, 'Girl You'll Be a Woman Soon' Pulp Fiction
30%
Bob Seger & the Silver Bullet Band, 'Old Time Rock and Roll' Risky Business
29%
Stealers Wheel, 'Stuck in the Middle With You' Reservoir Dogs
24%
Elton John, 'Tiny Dancer' Almost Famous
21%
Marilyn Monroe, 'Diamonds Are a Girl's Best Friend' Gentlemen Prefer Blondes
21%
Chad Kroeger, 'Hero' Spider Man
21%
Peter Gabriel, 'In Your Eyes' Say Anything
15%
Harry Nilsson, 'Everybody's Talkin' Midnight Cowboy
13%
Huey Lewis & the News, 'Hip to Be Square' American Psycho
12%
Lou Reed, 'Perfect Day' Trainspotting
9%
Eric Clapton, 'Layla' Goodfellas
7%
Jamiroquai, 'Canned Heat' Napoleon Dynamite
6%
Ram Jam, "Black Betty" Blow
2%
Harry Nilsson. "Without You" Rules of Attraction
0%
No matching quizzes found
Score Distribution
Percent of People with Each Score
Percentile by Number Answered
Your Score History
You have not taken this quiz